Marginalien zur unsichtbaren Universität: Festschrift für Josef Maria Häußling zum 65. Geburtstag
| Otros Autores: | ; |
|---|---|
| Tipo de documento: | Print Libro |
| Lenguaje: | Alemán Francés |
| Publicado: |
[Otterbach]
[Arbogast]
[1990]
|
| En: | Año: 1990 |
| Acceso en línea: |
Índice |
| Availability in Albert-Krebs Library: | BA.60.003 1996-1312 |
| Verificar disponibilidad: | HBZ Gateway |
| Servicio de pedido Subito: | Pedir ahora. |
| Palabras clave: |
MARC
| LEADER | 00000cam a2200000 c 4500 | ||
|---|---|---|---|
| 001 | 1651038171 | ||
| 003 | DE-627 | ||
| 005 | 20260206195808.0 | ||
| 007 | tu | ||
| 008 | 900727s1990 gw ||||| 00| ||ger c | ||
| 016 | 7 | |a 1073988007 |2 DE-101 | |
| 020 | |a 3870221429 |9 3-87022-142-9 | ||
| 035 | |a (DE-627)1651038171 | ||
| 035 | |a (DE-603)013725874 | ||
| 035 | |a (DE-576)021152411 | ||
| 035 | |a (DE-599)BSZ021152411 | ||
| 035 | |a (OCoLC)180473454 | ||
| 035 | |a (OCoLC)180473454 | ||
| 035 | |a (DE-604)8042819369 | ||
| 040 | |a DE-627 |b ger |c DE-627 |e rakwb | ||
| 041 | |a ger |a fre | ||
| 044 | |c XA-DE | ||
| 082 | 0 | 4 | |a 300 |
| 084 | |a 2,1 |2 ssgn | ||
| 084 | |a PC 4630 |2 rvk |0 (DE-625)rvk/135081: | ||
| 084 | |a 86.00 |2 bkl | ||
| 245 | 0 | 0 | |a Marginalien zur unsichtbaren Universität |b Festschrift für Josef Maria Häußling zum 65. Geburtstag |c hrsg. von Jürgen Brand ... |
| 264 | 1 | |a [Otterbach] |b [Arbogast] |c [1990] | |
| 300 | |a XVI, 357 S. |b Ill. | ||
| 336 | |a Text |b txt |2 rdacontent | ||
| 337 | |a ohne Hilfsmittel zu benutzen |b n |2 rdamedia | ||
| 338 | |a Band |b nc |2 rdacarrier | ||
| 500 | |a Beitr. teilw. dt., teilw. franz | ||
| 583 | 1 | |a Massenentsäuert |c 2016 |k DE-18 |2 pdager |5 DE-18-304 | |
| 650 | 4 | |a Akademie, Et, Institut, Strafverfahren | |
| 655 | 7 | |a Aufsatzsammlung |0 (DE-588)4143413-4 |0 (DE-627)105605727 |0 (DE-576)209726091 |2 gnd-content | |
| 655 | 7 | |a Festschrift |0 (DE-588)4016928-5 |0 (DE-627)104400986 |0 (DE-576)208917802 |2 gnd-content | |
| 700 | 1 | |a Brand, Jürgen A. |d 1941- |e Hrsg. |0 (DE-588)137004362 |0 (DE-627)589006967 |0 (DE-576)301386323 |4 edt | |
| 700 | 1 | |a Häußling, Josef M. |d 1923-2012 |e GefeierteR |0 (DE-588)122527461 |0 (DE-627)08199706X |0 (DE-576)29330890X |4 hnr | |
| 856 | 4 | 2 | |u http://d-nb.info/1073988007/04 |m B:DE-101 |q application/pdf |3 Inhaltsverzeichnis |7 1 |
| 856 | 4 | 2 | |u http://scans.hebis.de/HEBCGI/show.pl?01372587_toc.pdf |m V:DE-603;B:DE-17 |q application/pdf |3 Inhaltsverzeichnis |7 1 |
| 889 | |w (DE-627)214893642 | ||
| 935 | |a mkri | ||
| 935 | |i mdedup | ||
| 936 | r | v | |a PC 4630 |b Für Personen |k Rechtswissenschaft |k Allgemeines zum juristischen Studium und zur Rechtswissenschaft |k Festschriften, Sammelwerke |k Für Personen |0 (DE-627)127072195X |0 (DE-625)rvk/135081: |0 (DE-576)20072195X |
| 936 | b | k | |a 86.00 |j Recht: Allgemeines |0 (DE-627)106416456 |
| 936 | s | n | |a p100 |2 mzub |
| 936 | s | n | |a m200 |2 mzub |
| 951 | |a BO | ||
| ELC | |b 1 | ||
| LOK | |0 000 xxxxxcx a22 zn 4500 | ||
| LOK | |0 001 3341498303 | ||
| LOK | |0 003 DE-627 | ||
| LOK | |0 004 1651038171 | ||
| LOK | |0 005 20170904085000 | ||
| LOK | |0 008 170904||||||||||||||||ger||||||| | ||
| LOK | |0 040 |a DE-Frei85 |c DE-627 |d DE-Frei85 | ||
| LOK | |0 852 |a DE-Frei85 | ||
| LOK | |0 852 1 |m p |9 00 | ||
| LOK | |0 938 |k p | ||
| LOK | |0 939 |a 04-09-17 |b l01 | ||
| LOK | |0 000 xxxxxcx a22 zn 4500 | ||
| LOK | |0 001 4196273556 | ||
| LOK | |0 003 DE-627 | ||
| LOK | |0 004 1651038171 | ||
| LOK | |0 005 20221011150831 | ||
| LOK | |0 008 221011||||||||||||||||ger||||||| | ||
| LOK | |0 035 |a (DE-2619)k01165 | ||
| LOK | |0 040 |a DE-2619 |c DE-627 |d DE-2619 | ||
| LOK | |0 092 |o n | ||
| LOK | |0 541 |e Bestand Albert-Krebs-Bibliothek: 1996-1312 | ||
| LOK | |0 852 |a DE-2619 | ||
| LOK | |0 852 1 |c BA.60.003 |m p |9 00 | ||
| LOK | |0 935 |a kreb | ||
| LOK | |0 938 |k p | ||
| LOK | |0 939 |a 11-10-22 |b l01 | ||
| ORI | |a SA-MARC-krimdoka001.raw | ||
